| 000 | 01350cam a2200313 a 4500 | ||
|---|---|---|---|
| 005 | 20090901083202.0 | ||
| 008 | 080918s2009 maua b 001 0 eng | ||
| 010 | _aENG-96284 | ||
| 020 |
_a9780070700444 _c495.00 |
||
| 020 |
_a0070700443 _c495.00 |
||
| 035 | _aEN-79817 | ||
| 037 | _bDBAD/PUB | ||
| 040 | _aDPL | ||
| 082 | _a150 | ||
| 100 |
_aFeldman, Robert S. _921513 |
||
| 245 |
_aEssentials of understanding psychology / _cby Robert S. Feldman. |
||
| 250 | _a7th ed | ||
| 260 |
_aNew Delhi _bTata McGraw Hill _c2009 |
||
| 270 |
_a7, West Patel Nagar _bNew Delhi _e110008 |
||
| 300 |
_avarious pagings : _bill. _c28cm (pbk) |
||
| 500 | _aIncludes bibliographical references and indexes. | ||
| 650 |
_aPsychology _vTextbooks. _921514 |
||
| 856 |
_3Table of contents only _uhttp://www.loc.gov/catdir/toc/ecip0828/2008041141.html |
||
| 856 |
_3Contributor biographical information _uhttp://www.loc.gov/catdir/enhancements/fy0901/2008041141-b.html |
||
| 856 |
_3Publisher description _uhttp://www.loc.gov/catdir/enhancements/fy0901/2008041141-d.html |
||
| 942 |
_2ddc _cEN _mFEL _h150 |
||
| 999 |
_c36519 _d36519 |
||